000 01653nam0a2200325 i 4500
001 RU\NLR\BIBL_A\011173103
005 20260408080543.0
010 _a9785763833621
021 _aRU
_b2016-48896
_93139
035 _a(NILC)RuMoRGB-008521217
035 _a(NLR Aleph) 011173103
090 _a11776696
_c11776696
100 _a20160707d2015 u y0rusy50 ca
101 0 _arus
102 _aRU
105 _a |||z|||000
200 1 _aТеория механизмов и машин
_eучебное пособие для студентов, обучающихся по направлению 23.05.02 (19011.65) "Транспортные средства специального назначения"
_fМ-во образования и науки Российской Федерации, Сибирский федеральный ун-т, [Политехнический ин-т
_gМ. А. Мерко и др.]
210 _aКрасноярск
_cСФУ
_d2015
215 _a247 с.
_cил., цв. ил.
_d21
320 _aБиблиогр.: с. 243-244 (33 назв.)
606 _aМашин и механизмов теория
_jУчебные издания для высших учебных заведений
_92086099
_3RU\NLR\AUTH\661262226
675 _a621.01/.03
686 1 _aК412я73-1
702 1 _aМерко
_bМ. А.
_gМихаил Алексеевич
_4220
712 0 2 _4570
_aСибирский федеральный университет
_cКрасноярск
_3RU\NLR\AUTH\8810095991
_9693232
801 0 _aRU
_bРГБ
_c20160617
_gRCR
942 _cBOOK
980 _aNBR